00361nam a2200121Ia 4500008004100000041001200041082001600053100001800069245009400087260002900181300000800210650002100218221030s9999 xx 000 0 und d aEnglish a105.23bWhi aJ. A. Whitson 0a500 Electronic IC Circuits with Practical Applications ( DEPARTMENTAL )cby J. A. Whitson bBPB PubaNew Delhic1989 a340 aECE Departmental